Praktické využitie moderných nástrojov hydroinformatiky - záplavové mapy, ich tvorba a využitie
Definícia pojmu "hydroinformatika". Záplavové mapy - ako vznikajú, kvalita, systematická tvorba.
Enregistré dans:
| Auteur principal: | |
|---|---|
| Format: | Chapitre de livre |
| Langue: | slovaque |
| Sujets: | |
| Tags: |
Pas de tags, Soyez le premier à ajouter un tag!
|
MARC
| LEADER | 00000naa$a2200000$$$4500 | ||
|---|---|---|---|
| 001 | 0018767 | ||
| 005 | 20231016102107.8 | ||
| 041 | 0 | |a slo | |
| 044 | |a SK | ||
| 245 | 1 | 0 | |a Praktické využitie moderných nástrojov hydroinformatiky - záplavové mapy, ich tvorba a využitie |c Martin Mišík |
| 520 | |a Definícia pojmu "hydroinformatika". Záplavové mapy - ako vznikajú, kvalita, systematická tvorba. | ||
| 610 | 2 | 0 | |a vodohospodárstvo |
| 610 | 2 | 0 | |a informatika aplikovaná |
| 100 | 1 | |a Mišík, Martin | |